Länder, deren Hauptstadt nicht die größte Stadt ist - Statistiken

Allgemein
  • Dieses Quiz wurde 350 mal gespielt
  • Das Durchschnittsergebnis liegt bei 19 aus 42
Antwortstatistiken
Kontinent Land % Korrekt
Australien Australien
91%
Nordamerika Kanada
88%
Nordamerika Vereinigte Staaten
87%
Südamerika Brasilien
85%
Europa Schweiz
77%
Asien China
75%
Australien Neuseeland
74%
Afrika Südafrika
74%
Afrika Nigeria
67%
Südamerika Bolivien
65%
Asien Türkei
64%
Asien Indien
61%
Afrika Marokko
55%
Asien Vietnam
55%
Europa Belgien
49%
Südamerika Ecuador
49%
Asien Pakistan
49%
Asien Vereinigte Arabische Emirate
45%
Asien Myanmar
44%
Nordamerika Belize
42%
Asien Kasachstan
42%
Afrika Tansania
42%
Südamerika Venezuela
40%
Europa Liechtenstein
36%
Afrika Elfenbeinküste
33%
Australien Palau
32%
Australien Nauru
31%
Afrika Kamerun
30%
Afrika Burundi
28%
Europa Malta
27%
Asien Zypern
27%
Australien Mikronesien
26%
Asien Sri Lanka
26%
Asien Syrien
25%
Asien Oman
24%
Europa San Marino
24%
Afrika Äquatorialguinea
22%
Afrika Gambia
22%
Asien Taiwan
20%
Nordamerika Trinidad und Tobago
19%
Asien Katar
16%
Asien Kuwait
15%
Keine übereinstimmenden Quizze gefunden
Verteilung der Resultate
Anzahl Personen mit jedem Resultat
Perzentil nach korrekt beantworteten Fragen
Ihre Resultats-Entwicklung
Sie haben dieses Quiz noch nicht gespielt